书目信息 |
| 题名: |
中国旅游扶贫发展指数报告
|
|
| 作者: | 刘志明 主编 | |
| 分册: | ||
| 出版信息: | 北京 中国社会科学出版社 2017 |
|
| 页数: | 174页 | |
| 开本: | 24cm | |
| 丛书名: | ||
| 单 册: | ||
| 中图分类: | F592.7 | |
| 科图分类: | ||
| 主题词: | 不发达地区--旅游业发展--研究报告--中国 | |
| 电子资源: | ||
| ISBN: | 978-7-5203-0678-2 | |
| 000 | 01075nam0 2200241 450 | |
| 001 | 012001003829 | |
| 005 | 20140926114739.0 | |
| 010 | @a978-7-5203-0678-2@dCNY56.00 | |
| 100 | @a20171018d2017 em y0chiy50 ea | |
| 101 | 0 | @achi |
| 102 | @aCN@b110000 | |
| 105 | @ay z 000yy | |
| 106 | @ar | |
| 200 | 1 | @a中国旅游扶贫发展指数报告@9zhong guo lv you fu pin fa zhan zhi shu bao gao@f刘志明主编 |
| 210 | @a北京@c中国社会科学出版社@d2017 | |
| 215 | @a174页@d24cm | |
| 314 | @a刘志明,中国社会科学院新闻与传播研究所研究员,中国舆情调查实验室首席专家。1986年中国人民大学新闻学院研究生毕业。主要研究成果《广告传播学》、《电视学原理》等。 | |
| 330 | @a本书基于互联网舆情数据、中国社会科学院的定量调查数据以及旅游大数据,从旅游资源、 旅游环境、旅游贡献、旅游管理、旅游传播 和旅游形象6个维度对各地全域旅游的发展程度与水平开展全方位测评,为做好全域旅游的战略实施和管理工作,提供科学依据。 | |
| 606 | 0 | @a不发达地区@x旅游业发展@x研究报告@y中国 |
| 690 | @aF592.7@v5 | |
| 701 | 0 | @a刘志明@9liu zhi ming@4主编 |
| 801 | 0 | @aCN@b上海新华@c20180901 |
| 905 | @b1154908-12@dF592.7@e556@f5 | |
| 中国旅游扶贫发展指数报告/刘志明主编.-北京:中国社会科学出版社,2017 |
| 174页;24cm |
| ISBN 978-7-5203-0678-2:CNY56.00 |
| 本书基于互联网舆情数据、中国社会科学院的定量调查数据以及旅游大数据,从旅游资源、 旅游环境、旅游贡献、旅游管理、旅游传播 和旅游形象6个维度对各地全域旅游的发展程度与水平开展全方位测评,为做好全域旅游的战略实施和管理工作,提供科学依据。 |
| ● |
| 相关链接 |
|
|
|
|
正题名:中国旅游扶贫发展指数报告
索取号:F592.7/556
 
预约/预借
| 序号 | 登录号 | 条形码 | 馆藏地/架位号 | 状态 | 备注 |
| 1 | 1154908 | 211549083 | 第一样本阅览室/ [索取号:F592.7/556] | 在馆 | |
| 2 | 1154909 | 211549092 | 第一借阅区/ [索取号:F592.7/556] | 在馆 | |
| 3 | 1154910 | 211549109 | 第一借阅区/ [索取号:F592.7/556] | 在馆 | |
| 4 | 1154911 | 211549118 | 第一借阅区/ [索取号:F592.7/556] | 在馆 | |
| 5 | 1154912 | 211549127 | 密集书库-海洋学院/ [索取号:F592.7/556] | 在馆 |